Política exterior para una nueva era

Αποθηκεύτηκε σε:
Λεπτομέρειες βιβλιογραφικής εγγραφής
Κύριος συγγραφέας: Wesson, Robert G
Μορφή: Κείμενο
Έκδοση: Buenos Aires: Editorial Troquel S.A
Ετικέτες: Προσθήκη ετικέτας
Δεν υπάρχουν, Καταχωρήστε ετικέτα πρώτοι!

MARC

LEADER 00000 a a2200000 04500
001 25282
003
040 |a CRAI/IIS  |c CRAI/IIS 
090 |a 180900  
100 |a Wesson, Robert G  
245 |a Política exterior para una nueva era  
260 |a Buenos Aires:   |b Editorial Troquel S.A  
300 |a 448 p  
999 |c 7222  |d 7222